000 00321 a2200109 4500
001 ART_30485
005 20260410162003.0
008 260409a
245 1 0 _aEl nacionalismo y la naturaleza humana
100 1 _aMontaner, Carlos Alberto
773 0 _tForo polĂ­tico
_g- Vol. XVII (ago. 1996)
_wREV30389
999 _c31457
_d31457